| 000 | 00520nam a22001697a 4500 | ||
|---|---|---|---|
| 005 | 20240307134147.0 | ||
| 008 | 240307b |||||||| |||| 00| 0 eng d | ||
| 020 | _a9780619159115 | ||
| 082 |
_a005.7585 _bADO-O |
||
| 100 | _aPalinski, John Adolph | ||
| 245 |
_aOracle9i Developer : _bDeveloping web applications with forms builder / _cJohn Adolph palinski |
||
| 260 |
_aindia: _bThomson; _c2003. |
||
| 300 |
_a772 p. : _bill, _c23 cm. |
||
| 500 | _aInclude index. | ||
| 650 | _acomputer science/programming | ||
| 999 |
_c35268 _d35268 |
||